| 000 | 00572nam a2200217Ia 4500 | ||
|---|---|---|---|
| 003 | OSt | ||
| 005 | 20230617115753.0 | ||
| 008 | 210423s2001 xx 000 0 und d | ||
| 040 | _cAL | ||
| 041 | _aeng | ||
| 082 |
_a361.3 _223 _bSINS |
||
| 100 |
_aSINGH (K) _9100716 |
||
| 245 | _aSocial work theroy and practice | ||
| 260 |
_aNew Delhi _bPrakashan Kendra _c2001 |
||
| 300 |
_axvi,152 _bPB |
||
| 365 |
_b42 _cINR |
||
| 650 |
_aSocial Problems & Services _9100717 |
||
| 650 |
_aSocial Work _9100718 |
||
| 906 | _apractice ; Social ; theroy ; work | ||
| 942 |
_2ddc _cBK |
||
| 999 |
_c171490 _d171490 |
||